000 01328cam a22003617i 4500
001 22740557
003 OSt
005 20231028135049.0
008 220806e202109 ii a 000 0 malo
010 _a 2022335278
020 _a9789354329791
025 _aI-Mal-2022335278; 09
037 _bLibrary of Congress -- New Delhi Overseas Office
040 _aDLC
_beng
_erda
_cDLC
_dDLC
042 _alcode
050 0 0 _aMLCSA 2023/50976 (P)
082 _a894.8121
_bDAS/A
100 1 _aDāsan, Ajīṣ,
_d1980-
_eauthor.
_99793
245 1 0 _aĀ ummakaḷkkoppamallāte /
_cAjīṣ Dāsan = Aa ummakalkkoppamillāthe / poem by Ajeesh Dasan.
246 3 1 _aAa ummakalkkoppamillāthe
264 1 _aKottayam, Kerala State, India :
_bḌi Si Buks,
_cSeptember 2021.
300 _a103 pages :
_billustrations ;
_c21 cm
336 _atext
_btxt
_2rdacontent
337 _aunmediated
_bn
_2rdamedia
338 _avolume
_bnc
_2rdacarrier
500 _aPoems.
500 _a"First published August 2021; this edition - September 2021"--Title page verso.
530 _aAlso available as an e-book.
546 _aIn Malayalam.
906 _a7
_bcbc
_corigode
_d4
_encip
_f20
_gy-gencatlg
942 _2ddc
_cBK
_h894.8121
_iDAS/A
_k894.8121
_mDAS/A
999 _c42904
_d42904